000 01012nam0a22002411 4500
001 rc\3593185
005 20260407134222.0
021 _aRU
_bРг12480-73
035 _a(NLR Aleph) 007703555
090 _a6773156
_c6773156
100 _a20130115d1973 |||y0rusy50 ca
101 0 _arus
102 _aRU
105 _ay z |||||
200 1 _aПрейскурант № 57-15-92
_eЦены на массовые виды услуг в области научно-технической информации
_eУтв. 31/VII 1972 г.
_eВводится в действие с 1 янв. 1973 г. сроком до 1 янв. 1975 г.
_fГос. ком. Совета Министров СССР по науке и технике
210 _aМосква
_cБ. и.
_d1973
215 _a11 с.
_d21
712 0 1 _aСССР
_bКомитет по науке и технике
_9499079
_3RU\NLR\AUTH\8810000958
801 0 _aRU
_bNLR
_gpsbo
801 1 _aRU
_bELAR
_2rusmarc
852 _aNLR
_bСВТЛ
942 _cBOOK
980 _aNB